[Event "Tbilisi FIDE GP"]
[Site "Tbilisi"]
[Date "2015.02.20"]
[Round "5"]
[White "Tomashevsky, Evgeny"]
[Black "Giri, Anish"]
[Result "1/2-1/2"]
[WhiteElo "2716"]
[BlackElo "2797"]
[Annotator "Krasenkow,M"]
[PlyCount "101"]
[EventDate "2015.02.15"]
[EventType "tourn"]
[EventRounds "11"]
[EventCountry "GEO"]
[EventCategory "20"]
[SourceTitle "CBM 165"]
[Source "ChessBase"]
[SourceDate "2015.03.11"]
[SourceVersion "1"]
[SourceVersionDate "2015.03.11"]
[SourceQuality "1"]

1. d4 Nf6 2. c4 g6 3. Nc3 Bg7 4. e4 d6 5. Nf3 O-O 6. h3 e5 7. d5 Nh5 8. g3 f5
9. exf5 gxf5 10. Nh4 {This rare continuation was prepared by GM Evgeny
Tomashevsky for this tournament. It's main idea is to provoke the advance of
one of Black's central pawns and then establish a blockade.} (10. Ng5 {is the
main line}) (10. Bg2 {- see Timofeev - Andreikin in CBM 149.}) 10... Nf6 (10...
Nf4 11. Bd2 $5 (11. gxf4 Qxh4 12. Rg1 Nd7 (12... exf4 13. Qd4 Qe7+ 14. Be2 Kh8
15. Qxf4 Nd7 $13 16. Qg3 $6 Nc5 17. Bg5 Qf7 18. Be3 f4 19. Bxf4 Bf5 $36 {
1/2 (44) Ushenina,A (2487)-Isgandarova,K (2190) Tromso 2014}) 13. Nb5 exf4 14.
Nxc7 Ne5 $1 (14... Nc5 15. Rxg7+ Kxg7 16. Qd4+ Kg8 17. Kd1 $16 {1-0 (27)
Cheparinov,I (2690)-Vovk,Y (2591) Warsaw 2014}) 15. Nxa8 Re8 16. Rxg7+ Kxg7 17.
Kd2 Qxf2+ 18. Kc3 Nf3 $44) 11... Qe7 12. Qc2 Na6 13. a3 Bd7 14. O-O-O Kh8 15.
Kb1 Rae8 16. Re1 Qf6 17. Rg1 Ng6 18. Nxg6+ Qxg6 19. f3 c6 20. g4 $14 {1-0 (30)
Tomashevsky,E (2716)-Kasimdzhanov,R (2705) Tbilisi GEO 2015}) (10... Qe8 {
has not been tested so far.}) 11. Bg5 {A usual manoeuvre in the Bagirov system
although not in this particular line. White restricts Black's play and wants
to provoke the weakening ...h7-h6. However, this move has a hidden drawback.} (
11. Qc2 Na6 (11... Ne8 12. f4 Qe7 13. Be2 Na6 14. O-O Nb4 15. Qd1 c5 16. a3 Na6
17. Kh2 Bd7 18. Be3 Kh8 19. Qd2 e4 20. Rg1 $14 {1/2 (40) Drenchev,P (2487)
-Cheparinov,I (2686) Kozloduy 2014}) (11... Qe8 12. Be2 Na6 13. Be3 Nb4 {
1-0 (45) Cramling,P (2507)-Kashlinskaya,A (2423) Khanty-Mansiysk 2014} 14. Qd2
$14) 12. Be2 (12. Nxf5 {1-0 (59) Babujian,L (2510)-Matta,V (2217) Hyderabad
2013} Nb4 $1 13. Qb1 (13. Qb3 Bxf5 14. Qxb4 Ne4 15. Be3 a5 16. Qb3 Nxc3 17.
Qxc3 Be4 18. Rg1 Bf3 $44) 13... Bxf5 14. Qxf5 e4 15. Kd1 Rf7 $44) 12... Nb4 13.
Qb3 a5 14. a3 Na6 15. Qc2 Nc5 16. Bg5 f4 $1 $13 (16... a4 17. Nxf5 Bxf5 18.
Qxf5 c6 19. Qc2 Nb3 20. Rd1 Nd4 21. Qd2 Qc8 22. Be3 $16 {1-0 (75) Panarin,M 
(2523)-Gabrielian,A (2545) Belorechensk 2012}) 17. gxf4 $140 h6) (11. Bd3 $5 {
A very logical move; Black can't protect the f5-pawn indirectly. In the
following games White was clearly on top:} e4 (11... Ne8 12. Qh5 Qf6 13. g4 e4
14. Bc2 Na6 15. Nxf5 Bxf5 16. gxf5 Qxf5 17. Qxf5 Bxc3+ 18. bxc3 Rxf5 {1/2 (31)
Harika,D (2528)-Bakalchuk,J (2317) Douglas 2014} 19. Bxe4 Re5 20. f3 Nf6 21.
Bf4 $16) 12. Be2 Nfd7 13. Ng2 Ne5 14. Nf4 Na6 15. Be3 Nc5 16. O-O Ng6 17. Qd2
Nxf4 18. gxf4 $5 a5 19. Kh2 Kh8 20. Rg1 Bf6 21. Rg3 Bd7 22. Rag1 Qe7 23. Nd1 $1
b6 24. Bd4 $16 {[%cal Rd1e3] 1-0 (35) Nisipeanu,L (2652)-Vedmediuc,S (2401)
Calimanesti-Caciulata ROU 2014}) 11... Na6 12. Bd3 h6 13. Be3 Nh7 {This is the
drawback of 11.Bg5. Black's knight retreats to protect the f5-pawn but now it
has got a better square than e8.} (13... f4 14. gxf4 exf4 15. Bd4 Nb4 16. Rg1
$1 $36 {Chesspro.ru}) 14. f4 $6 {A dubious continuation. The position of
White's king becomes vulnerable, and the e-file can be seized by Black.} (14.
Qh5 {was an attempt at improvement in a later game but Black's position proved
quite solid after} e4 15. Bc2 Nb4 16. O-O-O Nxc2 17. Kxc2 Bd7 18. Bd4 Qg5 19.
Qe2 Bxd4 20. Rxd4 Qf6 21. Qe3 Ng5 22. Ne2 a5 23. Nf4 Kh7 24. Kb1 b6 25. Rc1
Rae8 26. Rd2 Rf7 27. Rdc2 Rfe7 {1/2 (31) Tomashevsky,E (2716)-Radjabov,T (2731)
Tbilisi GEO 2015}) 14... exf4 15. Bxf4 Ng5 16. Kf1 (16. Qd2 Nc5 17. O-O-O Nge4
$132) 16... Bd7 17. Kg2 Nc5 18. Qc2 {White gives up his bishop but takes the
e-file and the e4-square under control.} (18. Bc2 Nce4 $5) 18... Qf6 19. Rae1
Nxd3 20. Qxd3 Rae8 21. Qd2 (21. Rhf1 Ne4 22. Rf3 $5 a6 $5 $36 {[%cal Yb7b5]} (
22... Nxc3 23. Rxe8 Rxe8 24. bxc3 Re4 $13)) 21... a6 {[%mdl 32] Black prepares
the ...b7-b5 undermining move. It is clear that he has seized the initiative
so White tries to simplify the game.} 22. Rxe8 Rxe8 23. Re1 Rxe1 (23... Ne4 {
is harmless due to} 24. Nxe4 fxe4 25. Re2 b5 26. cxb5 Bxb5 27. Rf2) 24. Qxe1 b5
({Here} 24... Ne4 {was more appropriate although White should hold on after}
25. Nxe4 fxe4 26. b3) 25. Qe2 $1 bxc4 (25... Ne4 $5 26. cxb5 Nxc3 27. bxc3 axb5
28. Kh2 $1 Qxc3 $140 $4 29. Qe7) 26. Qxc4 Qe7 27. Qd3 Qf7 (27... Ne4 {was more
active here although White should hold on after} 28. Nf3) 28. Nf3 (28. Qxa6
Bxc3 29. Qa8+ Kh7 30. bxc3 {looks risky but Black's compensation is probably
only enough for a draw, e.g.} Qf6 (30... Qe7 31. Qh8+) 31. Bxg5 hxg5 32. Nf3 g4
33. hxg4 fxg4 34. Nd4 Qh6 35. Qd8 Qd2+ $11) 28... Nxf3 29. Qxf3 Bc8 30. Kf2 Bb7
31. Qd3 {White agrees to give up a pawn to obtain a drawish endgame with
opposite-coloured bishops. Black's other attempts to make progress also fail.}
h5 32. Be3 h4 (32... Bxc3 33. bxc3 Bxd5 34. Qxa6 Bxa2 35. Qc8+ Kh7 36. Qd8 $11
{[%cal Yd8g5]}) 33. Bd4 $6 (33. gxh4) 33... Bf8 $6 ({Both players overlooked a
tactical trick} 33... Bxd5 $1 34. Bxg7 Be4 $1 {but it was hardly enough to win
after} 35. Qd4 ({or perhaps even} 35. Qxa6 hxg3+ 36. Kxg3 Qxg7+ 37. Kf2) 35...
hxg3+ (35... Qxg7 36. Qxg7+ Kxg7 37. gxh4) 36. Kxg3 Qxg7+ 37. Qxg7+ Kxg7 38.
Kf4 {[%cal Yh3h4,Rc3e4] (E.Gleizerov)}) 34. Qf3 Be7 35. Ke2 Qg6 36. gxh4 Bxh4
37. a3 Kf7 38. Kd2 Ke8 39. Bf2 Bg5+ 40. Be3 Bf6 41. Kc1 Be5 42. Bf4 Bf6 43.
Qe3+ Kd8 44. Qg3 Qxg3 45. Bxg3 Bg5+ 46. Kc2 Ke7 (46... f4 47. Bf2 {[%cal Yc2d3]
}) 47. Kd3 Kf6 48. Bf2 Kg6 49. b4 Bc8 50. Ne2 f4 51. Ke4 1/2-1/2

[Event "Hamburg FIDE GP"]
[Site "Hamburg"]
[Date "2019.11.08"]
[Round "2.1"]
[White "Topalov, Veselin"]
[Black "Vachier Lagrave, Maxime"]
[Result "0-1"]
[WhiteElo "2736"]
[BlackElo "2777"]
[Annotator "Krasenkow,M"]
[PlyCount "88"]
[EventDate "2019.11.05"]
[EventType "k.o."]
[EventRounds "4"]
[EventCountry "GER"]
[SourceTitle "CBM 193"]
[Source "ChessBase"]
[SourceDate "2019.12.31"]
[SourceVersion "1"]
[SourceVersionDate "2019.12.31"]
[SourceQuality "1"]

1. d4 Nf6 2. c4 g6 3. Nf3 Bg7 4. e3 O-O 5. Be2 c5 {A logical reply to White's
anti-Gruenfeld setup: Black obtains the Modern Benoni defence with an extra
tempo.} 6. d5 d6 7. Nc3 e6 8. Nd2 Na6 {This is not Black's main plan in the
Modern Benoni but it is quite popular here.} 9. O-O Re8 {Black can do without
this move, too:} (9... Nc7 10. e4 a6 $5 (10... exd5 11. cxd5 Nfe8 $5 12. a4 b6
13. Nc4 f5 14. exf5 Rxf5 15. a5 Rb8 16. axb6 axb6 $13 {1-0 (71) Dreev,A (2654)
-Margvelashvili,G (2540) Las Vegas 2014}) 11. a4 b6 12. Re1 Rb8 13. dxe6 $6 (
13. Nf1 $5 exd5 $140 14. exd5) (13. h3 $5) 13... Nxe6 14. Nb3 Bb7 15. Bf1 Re8
16. f3 h5 (16... Nh5 $36 {[%cal Yf7f5]}) 17. Be3 h4 $13 {0-1 (45) Kunin,V 
(2551)-Baldauf,M (2460) Riga 2017}) 10. e4 (10. dxe6 Bxe6 11. e4 Nb4 12. Nb3
Nc6 13. Bf4 Nd4 $1 14. Nxd4 cxd4 15. Nb5 Nxe4 16. Bd3 Bd7 17. Nxd6 Nxd6 18.
Bxd6 Bc6 $132 {1/2 (33) Svidler,P (2751)-Gelfand,B (2753) Jerusalem 2014})
10... Nc7 11. a4 (11. Re1 b6 (11... Rb8 12. a4 (12. dxe6 Nxe6 13. Nb3 Nd4 (
13... b6 $1 $13) 14. Bf1 Ng4 15. h3 Ne5 16. Nxd4 cxd4 {1/2 (34) Dreev,A (2670)
-Grischuk,A (2777) Loo 2014} 17. Nd5 $14) 12... Na6 13. f3 (13. Bf1 Nb4 14. Na2
{0-1 (46) Moradiabadi,E (2549)-Ruck,R (2505) Las Vegas 2018} a5 $13) 13... Nb4
14. Nf1 exd5 15. cxd5 a6 16. Bg5 Bd7 (16... h6 $5) 17. Qd2 b5 18. axb5 axb5 19.
Ra7 $14 {0-1 (40) Georgescu,T (2453)-Melkumyan,H (2632) London 2015}) 12. h3 (
12. dxe6 Nxe6 13. Nf1 Nd4 14. f3 Nh5 15. Bd3 Be5 16. Be3 Nf4 $132 {1-0 (117)
Nakamura,H (2787)-Caruana,F (2804) Leuven 2016}) 12... Rb8 13. a4 exd5 14. exd5
Na6 15. Nf1 Nb4 16. Ng3 h6 17. Bf4 g5 18. Bd2 Rb7 19. Qb3 Rbe7 20. Bf1 a6 21.
Rxe7 Rxe7 22. Re1 Rxe1 23. Bxe1 Qe7 $11 {1/2 (90) Postny,E (2611)-Cheparinov,I
(2677) Sibenik 2016}) 11... b6 (11... Rb8 12. f3 a6 13. a5 Bd7 14. Kh1 Qe7 15.
Nb3 exd5 16. cxd5 Nb5 $132 {1/2 (93) Kuzubov,Y (2637)-Ragger,M (2680) Chartres
2017}) (11... Na6 12. f3 Nb4 13. Rf2 Nh5 14. dxe6 Bxe6 15. Nb3 f5 $132 {
1/2 (53) Ding,L (2782)-So,W (2760) Bilbao 2015 CBM 169 [Szabo,Kr]}) 12. Re1 Na6
{[%mdl 32] After a2-a4 Black's knight has obtained a comfortable b4 square.
Well, in case of ...e6xd5 c4xd5 it may obstruct Black's queenside counterplay
a little bit (after ...a7-a6 and ...b6-b5 he will be unable to play ...b5-b4)
but otherwise it is placed perfectly there.} (12... exd5 13. cxd5 Rb8 14. Rb1
h5 15. h3 Nh7 16. Nc4 Ba6 17. Qc2 Bd4 18. Be3 Qf6 19. Bxd4 cxd4 20. Na2 Ng5 21.
Bd3 $14 {0-1 (32) Novkovic,M (2402)-Heimann,A (2528) Switzerland 2018}) 13. h3
Nb4 14. Ra3 exd5 15. cxd5 a6 16. Bf1 Nd7 17. Na2 Ra7 18. Nc4 Ne5 19. Nxe5 Bxe5
20. Nxb4 cxb4 21. Rf3 {Hardly a good idea. The rook will be even more awkward
here than on a2.} (21. Ra2 $13 {[%cal Yc1e3]}) 21... Bd7 22. b3 b5 23. Be3 Ra8
$6 (23... Rb7 $5 $11) 24. axb5 axb5 25. Bd4 Ra2 26. Re2 $6 (26. Bxe5 $142 dxe5
27. Re2 $14) 26... Rxe2 27. Bxe2 Qe7 {White suddenly has problems on the
e-file.} 28. Re3 $6 (28. Bxe5 Qxe5 29. Re3 Rc8 $36) ({After} 28. Rd3 $6 f5 $1 {
is dangerous.}) (28. Bf1 {was probably the most solid defence. If} Bxd4 29.
Qxd4 Qxe4 {then} 30. Qa7 $1 $132) 28... Bf4 {White must give up the e4 pawn or
an exchange. He prefers the latter.} 29. Bf3 Bxe3 30. Bxe3 Rc8 (30... Ra8 $5
31. Bd4 (31. Qd4 Qe5 {[%cal Ra8a1]}) 31... f5 $5 32. exf5 Bxf5 {[%cal Yf5e4]
The position remains tense but Black has winning chances.}) 31. Qd4 Qe5 32. Qa7
Be8 33. g3 $44 {White has activated his queen and obtained good counterplay.}
Rc3 $5 34. Bd4 ({After} 34. Bf4 Qf6 35. Qb8 $1 {it was Black who must secure
the draw:} Rxf3 36. Qxe8+ (36. Bxd6 Qa1+ 37. Kg2 Rxf2+ 38. Kxf2 Qd4+ 39. Kf3
Qd3+ 40. Kf4 Qd2+ $11) 36... Kg7 37. e5 Qf5 38. exd6 Qxd5 39. d7 Qd1+ 40. Kg2
Rxf4 $1 41. gxf4 Qd5+ {(a well-known motif)} 42. Kh2 Qd2 43. Kg3 Qd3+ 44. f3
Qd1 $1 $11) 34... Qg5 35. Be2 $2 ({White was still OK after} 35. h4 $1 Qd2 36.
Be3 $1 Qe1+ 37. Kg2) 35... Qd2 36. Bf1 Rxb3 37. Kg2 (37. Bf6 Rf3 $1 {
destroying White's attacking setup.}) (37. Be3 Rxe3 38. fxe3 b3 39. Qe7 b2 40.
Qxe8+ Kg7 $19) 37... Ra3 (37... Rb1 {[%cal Rd2d1] was even stronger but Black
had to calculate} 38. Be3 Qd1 39. Qe7 Qxf1+ 40. Kf3 Qd1+ 41. Kf4 b3 42. Qxe8+
Kg7 {and make sure White couldn't do anything here.}) 38. Qb6 Ra6 {The
simplest.} 39. Qxa6 Qxd4 40. Qc8 (40. Qxd6 Qxe4+ 41. f3 Qe1 42. Qb8 b3 43. Bd3
(43. Bxb5 Kg7 44. Bxe8 Qe2+ 45. Kg1 b2 $19) 43... Kg7 44. Qf4 Qc3 {, and Black
easily wins.}) 40... Qxe4+ 41. f3 Qe3 42. Bxb5 b3 43. Bxe8 Qe2+ 44. Kg1 Qd1+ (
44... Qd1+ 45. Kf2 Qc2+ $19) 0-1

[Event "Paris FIDE GP"]
[Site "Elancourt"]
[Date "2013.09.25"]
[Round "4"]
[White "Grischuk, Alexander"]
[Black "Caruana, Fabiano"]
[Result "1/2-1/2"]
[WhiteElo "2785"]
[BlackElo "2779"]
[Annotator "Krasenkow,M"]
[PlyCount "117"]
[EventDate "2013.09.22"]
[EventType "tourn"]
[EventRounds "11"]
[EventCountry "FRA"]
[EventCategory "20"]
[SourceTitle "CBM 157"]
[Source "ChessBase"]
[SourceDate "2013.11.12"]
[SourceVersion "1"]
[SourceVersionDate "2013.11.12"]
[SourceQuality "1"]

1. Nf3 Nf6 2. d4 g6 3. c4 Bg7 4. e3 O-O 5. Be2 {A relatively fresh
anti-Grünfeld attempt, to which, however, Black transposes into a relatively
rare system of the King's Indian - with e2-e3.} d6 6. Nc3 Nbd7 7. O-O e5 {
Such positions are much more popular with reversed colours. White has an extra
tempo here, and Alexander Grischuk finds an interesting way to exploit it.} 8.
Qc2 ({The immediate} 8. b4 {is another option.}) 8... Re8 9. Rd1 $5 e4 10. Nd2
Qe7 {[%mdl 32] Black's standard plan is: ...Nd7-f8, ...h7-h5-h4(-h3 if
possible); alternatively ...Bc8-g4 with the pawn on h5; ...Nf8-h7-g5 etc. with
a kingside attack. Meanwhile, White creates counterplay on the queenside and
in the centre.} 11. b4 Nf8 12. Bb2 ({Here is an example how White can be
crushed when he plays inaccurately:} 12. a4 Bf5 13. b5 h5 14. Ba3 Ne6 15. Nf1
h4 16. a5 Ng5 17. a6 b6 18. Na2 $4 (18. h3 {was a must}) 18... Nf3+ $1 19. gxf3
exf3 20. Qb2 Qe4 21. Bd3 Qg4+ 22. Ng3 Bxd3 {0-1 (22) Houska,M (2364)-Bisby,D 
(2252) Witley 1999}) 12... h5 13. Rac1 (13. Nb3 $5 N8h7 14. d5 h4 15. h3 Ng5
16. c5) 13... Bf5 (13... h4 14. h3) (13... Bg4 $5) (13... N8h7 $5 14. Nb3 h4
15. h3 g5 $5 (15... Bf5 16. d5 $1 {[%cal Yb3d4]}) 16. Nd5 Nxd5 17. cxd5 Nf6 18.
Qc4 b6 19. b5 Bb7 20. Qxc7 Nxd5 21. Qxe7 Rxe7 22. Ba3 {1-0 (50) Hera,I (2557)
-Schreiner,P (2460) Fuerstenfeld AUT 2013} Rd8 $11) 14. Nb3 {A logical plan
after ...Bc8-f5: d4-d5 and Nb3-d4. Actually, White's position turns out to be
quite pleasant, which means that Black should look into this system more
carefully.} (14. Qb3 c6 $5 (14... N8h7 15. c5 a6 16. b5 Ng5 17. bxa6 bxa6 18.
cxd6 cxd6 19. Ba3 $36 {1-0 (47) Freise,H-Wolter,K (2270) Germany 1998}) 15. d5
(15. c5 d5) 15... N8d7 $132 {[%cal Yd7e5]}) 14... N8h7 15. d5 h4 16. Nd4 (16.
h3 {is possible. In such situations a piece sacrifice on h3 can be dangerous
but here White successfully parries Black's threats:} Ng5 17. Nd4 Bxh3 18. gxh3
Qd7 19. Bf1 $1 Nxh3+ 20. Kh1 Qg4 21. Bg2 Ng5 22. Rg1 Nh3 23. Kh2 $1 Nxg1 24.
Rxg1 Qh5 25. Bh3 {keeping better prospects.}) 16... Bd7 (16... h3 $5 17. Nxf5
gxf5 {was an attempt to make use of White's delay of h2-h3 but after} 18. Nb5 {
Black's damaged pawn structure could be an important factor.}) 17. c5 $6 {
A principal error.} (17. h3 {was necessary; only after, say,} Ng5 {White could
continue} 18. c5 $1 dxc5 19. bxc5 Qxc5 20. Qb3 {with a queenside initiative.})
17... dxc5 $6 {Returning the favour.} (17... h3 $1 {, weakening light squares
around White's king, gave Black a good counterplay, e.g.} 18. g3 (18. c6 bxc6
19. dxc6 Bc8 20. g3 Ng5) 18... Ng5 19. c6 bxc6 20. Nxc6 (20. dxc6 Bg4) 20...
Bxc6 21. dxc6 Qe6 22. Nb5 Qc8 $13) 18. bxc5 Qxc5 19. Qb3 {White's pressure now
forces Black to forget about ...h4-h3.} ({Of course, not} 19. Nxe4 Qxc2 20.
Nxf6+ Nxf6 21. Nxc2 Rad8 $132) 19... Qb6 (19... Qa5 $142 20. Ncb5 Rac8 {
holding on.}) 20. Ncb5 (20. Ndb5 $1 {was even stronger, e.g.} c6 21. Na4 Qd8
22. dxc6 bxc6 23. Nd6 Re7 24. Nc5 $16 {[%csl Gc5,Gd6]}) 20... c5 21. dxc6 bxc6
22. Nd6 Rf8 (22... Qxb3 $142 23. axb3 (23. Nxb3 Re7 24. Nc5 {is not so
powerful without queens}) 23... Reb8 24. Nxc6 Bxc6 25. Rxc6 Rxb3 26. Bd4 Ng5
$14) 23. Ba3 {It was now better to evade the queen exchange on b3:} (23. Qc2 h3
(23... c5 24. Nb3) 24. Ba3 hxg2 25. Nxc6 Ng5 (25... Bxc6 26. Qxc6 Ng5) 26. Kxg2
{with full domination. It is essential that White keeps his a-pawn for a
future ending.}) 23... Qxb3 24. axb3 (24. Nxb3 $143 Rfd8 25. Nd4 Bf8) 24...
Rfb8 25. Nxc6 Bxc6 (25... Rxb3 $2 26. Ne7+ Kf8 27. Bc5 Kxe7 28. Bc4 Rbb8 29.
Nf5+ Kd8 30. Nxg7 {[%csl Rd8]}) 26. Rxc6 Rxb3 27. Bc5 Ng5 28. Bc4 Rbb8 29. Nxf7
{White decides to force matters.} (29. Bd4 $5 $36 {[%csl Gc4,Gc6,Gd4,Gd6]})
29... Nxf7 30. Rc7 Rf8 $138 (30... Rc8 $142 31. Bxf7+ Kh7 32. Rxc8 Rxc8 33. Bd4
Rc7 {, and Black should not lose.}) 31. Bxf8 Rxf8 32. Rxa7 Ng4 33. Bd5 $138 (
33. h3 $142 Nge5 (33... Nf6 $2 34. Rd6 {[%cal Rd6b6,Rb6b7]}) 34. Bd5 Bf6 35.
Bxe4 Kg7 $16) 33... Bh6 (33... Be5 $1 34. h3 Nf6 {keeping the e4-pawn}) 34. Re7
Bg5 35. Rxe4 Nf6 36. Red4 Nxd5 37. Rxd5 h3 $2 (37... Bf6 $142) 38. f4 Bd8 39.
gxh3 $2 (39. g3 $1 {should be winning. The h3-pawn will fall at a later stage.}
) 39... Bb6 $2 (39... g5 $5 40. f5 Re8 {creating a blockade.}) 40. Kf2 $2 (40.
R1d3 $16 {[%cal Yg1g2,Ye3e4]}) 40... Nh6 {The time pressure is over, and it
becomes clear that White's winning chances have vanished. Black now wants to
give up two pieces for a rook and the e3-pawn, which will lead to a drawn rook
ending.} 41. Kf3 (41. Rd6 Bxe3+ $1 42. Kxe3 Nf5+) 41... Nf5 42. e4 {The last
but unsuccessful attempt.} (42. Rg1 Kh7 43. Rd7+ Kh6 {was equally fruitless.})
42... Ne3 43. Rd6 Nxd1 44. Rxg6+ Kf7 45. Rxb6 Rh8 $1 {White can't keep one of
his h-pawns, and the draw is inevitable.} 46. Rb7+ Kf6 47. e5+ Kf5 48. Rf7+ Ke6
49. Rf6+ Ke7 50. Rd6 Nc3 51. f5 (51. Kg4 Rg8+ 52. Kh5 (52. Kf5 Rf8+) 52... Rh8+
53. Rh6 Rf8 $1 $11) 51... Rxh3+ 52. Kf4 (52. Kg2 Re3) 52... Rxh2 53. f6+ Ke8
54. e6 Rf2+ 55. Ke5 Re2+ (55... Rxf6 $5 56. Kxf6 Ne4+ 57. Ke5 Nxd6 58. Kxd6 Kd8
$11) 56. Kf5 Rf2+ 57. Ke5 Re2+ 58. Kf5 Rf2+ 59. Ke5 1/2-1/2

[Event "Nanjing Pearl Spring 2nd"]
[Site "Nanjing"]
[Date "2009.09.29"]
[Round "2"]
[White "Carlsen, Magnus"]
[Black "Topalov, Veselin"]
[Result "1-0"]
[WhiteElo "2772"]
[BlackElo "2813"]
[Annotator "Krasenkow,M"]
[PlyCount "81"]
[EventDate "2009.09.28"]
[EventType "tourn"]
[EventRounds "10"]
[EventCountry "CHN"]
[EventCategory "21"]
[SourceTitle "CBM 133"]
[Source "ChessBase"]
[SourceDate "2009.11.19"]
[SourceVersion "1"]
[SourceVersionDate "2009.11.19"]
[SourceQuality "1"]

1. d4 Nf6 2. c4 g6 3. Nc3 Bg7 4. e4 d6 5. Nf3 O-O 6. h3 Na6 7. Be3 {In my
opinion, this move is less accurate than} (7. Bg5) 7... e5 8. d5 c6 9. g4 Nc5
10. Nd2 a5 11. a3 Nfd7 (11... a4 {was possible right now as it was hardly
favourable for White to capture this pawn at the price of exchanging his
dark-squared bishop and weakening the dark squares in his camp (especially
after g2-g4):} 12. Bxc5 dxc5 13. dxc6 $6 (13. Nxa4 $142 Qa5 14. Nc3 Bh6 $44)
13... bxc6 14. Nxa4 Bh6 15. Nc3 Rb8 16. Rb1 Qa5 17. Bd3 Rd8 18. Qc2 Be6 19. Nf3
Bf4 $17 {0-1 Muse,M (2474)-Levacic,P (2336)/Medulin 2002/CBM 090 ext (42)}) 12.
Rg1 {A surprising decision. White allows ...a5-a4.} ({In the event of} 12. b4
axb4 13. axb4 Rxa1 14. Qxa1 Na6 15. Qa3 c5 16. bxc5 Naxc5 {breaking up Black's
queenside defence is not an easy task.}) 12... a4 {White's queenside is now
paralysed but he's got a plan: long castling followed by a kingside pawn
attack.} 13. Qc2 Nb6 14. O-O-O Bd7 15. Kb1 cxd5 $2 {What looks like a small
inaccuracy turns out to be a grave positional error.} (15... Rc8 $142) 16. cxd5
(16. exd5 f5 $132) 16... Rc8 17. Bb5 $1 {[%mdl 32] That's the point. White
trades bishops, weakening the light squares in Black's camp and his a4-pawn.}
Bxb5 18. Nxb5 Qd7 19. Nc3 Bf6 (19... Rc7 20. h4 Rfc8 21. h5 {, and Black can't
make further progress.}) 20. g5 Bd8 {This bishop is aiming for a5 but where
can the b6-knight be moved to?} 21. h4 Na8 (21... Nb3 22. Nxb3 axb3 23. Qxb3
Nc4 {(S.Zagrebelny)} 24. Nb5 Nxe3 25. fxe3 {hardly gives Black any real
compensation for the missing pawn.}) 22. Bxc5 Rxc5 23. Qxa4 $16 {/+- White has
won a pawn and his pieces are also better positioned. The rest is a matter of
technique.} Qc8 24. Rc1 Nb6 25. Qd1 Qh3 26. Qf3 Qd7 (26... Qxh4 $4 27. Rg4 $18
{[%cal Rc1h1]}) (26... Qxf3 27. Nxf3 f5 {was relatively better.}) 27. Qd3 Kg7
28. Rc2 f6 {The last attempt to create counterplay.} 29. gxf6+ Rxf6 30. h5 $1 {
White has accurately calculated the consequences of this move.} Rxf2 31. hxg6
h6 (31... hxg6 32. Rxg6+ Kxg6 33. Qg3+ Bg5 34. Qxf2 $18) 32. Nd1 $1 {It is
essential for White to swap his passive c2 rook for Black's most active piece
- the Rf2.} (32. Nf3 $1 {was equally good, with the same idea.}) 32... Rxc2 (
32... Rf8 33. Ne3 $18) (32... Rf6 33. Rxc5 dxc5 34. Ne3 Rxg6 35. Nf5+ Kh7 36.
Rxg6 Kxg6 37. Nf3 $18 {->}) 33. Nxf2 $1 (33. Qxc2 $143 Rh2 34. Ne3 $140 Bg5)
33... Rc8 34. Ng4 Bg5 35. Nf3 Nc4 36. Nxg5 hxg5 37. Ne3 (37. Qh3 $1 {(pointed
out by many commentators) was winning on the spot:} Rh8 38. Qxh8+ Kxh8 39. Rh1+
$18) 37... Nxe3 38. Qxe3 Qa4 39. Qxg5 Qxe4+ 40. Ka1 Re8 (40... Rc7 41. Qd8 $18)
41. Rc1 $1 (41. Rc1 Qf4 42. Rc7+ Kg8 43. Qh5 $18) 1-0